| 000 | 00546nam a22001697a 4500 | ||
|---|---|---|---|
| 999 |
_c40778 _d40778 |
||
| 003 | OSt | ||
| 005 | 20200606120156.0 | ||
| 008 | 191104b ||||| |||| 00| 0 eng d | ||
| 020 | _a8174680500 | ||
| 040 | _cMESKC library | ||
| 082 |
_a891.271 _bTIL/G |
||
| 100 | 1 |
_921 _aTilak, Bal Gangadhar, _d1856-1920 |
|
| 245 |
_aGeeta Rahasya : _bSrimad Bhagwat Geeta (part 2) / _cLokmanya Balgangadhar Tilak |
||
| 260 |
_aNew Delhi : _bParag Prakashan, _c2016 |
||
| 300 | _a217p | ||
| 942 |
_2ddc _cBK _h891.271 _iTIL/G _k891.271 _mTIL/G |
||